[Event "CRO-chT2 Ost"]
[Site "Croatia"]
[Date "2015.05.10"]
[Round "6.44"]
[White "Brkic, Zdenko"]
[Black "Kitarovic, Mihajlo"]
[Result "0-1"]
[WhiteElo "2069"]
[BlackElo "2012"]
[PlyCount "103"]
[EventDate "2015.04.25"]
[EventType "team-tourn"]
[EventRounds "11"]
[EventCountry "CRO"]
[SourceTitle "EXT 2016"]
[Source "ChessBase"]
[SourceDate "2015.10.08"]
[SourceVersion "1"]
[SourceVersionDate "2015.10.08"]
[SourceQuality "1"]

1. d4 d5 2. c4 c6 3. Nc3 Bf5 4. cxd5 cxd5 5. Qb3 Bc8 6. Qxd5 Nd7 7. Nf3 e6 8. Qb3 a6 9. e4 Be7 10. Bd3 h6 11. 0-0 Bg5 12. Ne2 b5 13. Ng3 Bb7 14. Re1 Rb8 15. Qd1 Bxc1 16. Rxc1 Ne7 17. d5 e5 18. d6 Ng6 19. Nf5 0-0 20. h4 Qf6 21. g4 Nf4 22. Bc2 Nc5 23. g5 hxg5 24. hxg5 Nh3+ 25. Kg2 Nxg5 26. Ne7+ Kh8 27. Rh1+ Nh7 28. Rh4 g5 29. Rg4 Bc8 30. Nxc8 Rbxc8 31. Qh1 Kg7 32. Qh5 Ne6 33. Rh1 Rh8 34. Bb3 Nf4+ 35. Rxf4 gxf4 36. Nh4 Qg5+ 37. Qxg5+ Nxg5 38. Nf5+ Kf6 39. Nh6 f3+ 40. Kg3 Nxe4+ 41. Kxf3 Nxd6 42. Ng4+ Ke7 43. Re1 e4+ 44. Kf4 f5 45. Ne3 Rh2 46. Nd5+ Kf8 47. Re2 a5 48. Nb6 Rd8 49. Kg3 Rh6 50. Kf4 a4 51. Kg5 Kg7 52. Bc2 0-1

[Event "Bosnjaci op 18th"]
[Site "Bosnjaci"]
[Date "2013.01.06"]
[Round "5"]
[White "Rogulj, Branko"]
[Black "Kitarovic, Mihajlo"]
[Result "1-0"]
[WhiteElo "2422"]
[BlackElo "1982"]
[PlyCount "45"]
[EventDate "2013.01.03"]
[EventType "swiss"]
[EventRounds "9"]
[EventCountry "CRO"]
[SourceTitle "CBM 152 Extra"]
[Source "ChessBase"]
[SourceDate "2013.02.25"]
[SourceVersion "1"]
[SourceVersionDate "2013.02.25"]
[SourceQuality "1"]

1. e4 e5 2. Nf3 Nc6 3. Bb5 Nf6 4. 0-0 d6 5. d4 exd4 6. Nxd4 Bd7 7. Bxc6 bxc6 8. Nc3 Be7 9. h3 0-0 10. Qf3 c5 11. Nf5 Bxf5 12. Qxf5 Qc8 13. Qf3 Nd7 14. Nd5 Bd8 15. Qg3 Re8 16. Bh6 g6 17. Qc3 Ne5 18. f4 c6 19. fxe5 cxd5 20. e6 f6 21. exd5 Be7 22. Rxf6 Rf8 23. Rxg6+ 1-0

[Event "Bosnjaci op 16th"]
[Site "Bosnjaci"]
[Date "2011.01.03"]
[Round "1"]
[White "Kitarovic, Mihajlo"]
[Black "Zufic, Miroslav"]
[Result "0-1"]
[WhiteElo "1989"]
[BlackElo "2390"]
[PlyCount "78"]
[EventDate "2011.01.03"]
[EventType "swiss"]
[EventRounds "9"]
[EventCountry "CRO"]
[SourceTitle "CBM 140 Extra"]
[Source "ChessBase"]
[SourceDate "2011.03.01"]
[SourceVersion "1"]
[SourceVersionDate "2011.03.01"]
[SourceQuality "1"]

1. d4 Nf6 2. Nf3 c5 3. d5 e6 4. c4 exd5 5. cxd5 d6 6. Nc3 g6 7. e4 Bg7 8. Bd3 0-0 9. 0-0 Bg4 10. h3 Bxf3 11. Qxf3 Nbd7 12. Bf4 Qe7 13. Rab1 Ne5 14. Bxe5 Qxe5 15. Qe2 Nh5 16. Bc2 a6 17. a4 Rab8 18. g3 Qd4 19. Kg2 Rfe8 20. Qd3 Qb4 21. Na2 Qa5 22. b4 cxb4 23. Rxb4 Nf6 24. Rfb1 Nd7 25. Qd1 Qc7 26. Rc1 Nc5 27. Rcb1 Re7 28. Qf1 Rbe8 29. f3 f5 30. Rc4 Qa5 31. Qe1 Qd8 32. Qb4 fxe4 33. fxe4 Rf7 34. Qe1 Ref8 35. Nc3 Qf6 36. Nd1 Qf3+ 37. Kh2 Be5 38. Ne3 h5 39. h4 Qf2+ 0-1

[Event "CRO-chT2 East"]
[Site "Osijek"]
[Date "2010.10.17"]
[Round "9.13"]
[White "Kitarovic, Mihajlo"]
[Black "Jovanovic, Milenko"]
[Result "1/2-1/2"]
[WhiteElo "1980"]
[BlackElo "2221"]
[PlyCount "35"]
[EventDate "2010.04.17"]
[EventType "team-tourn"]
[EventRounds "11"]
[EventCountry "CRO"]
[SourceTitle "EXT 2012"]
[Source "ChessBase"]
[SourceDate "2011.11.24"]
[SourceVersion "1"]
[SourceVersionDate "2011.11.24"]
[SourceQuality "1"]

1. d4 Nf6 2. Nf3 e6 3. c4 c5 4. e3 d5 5. Be2 dxc4 6. Bxc4 a6 7. 0-0 Nc6 8. dxc5 Qxd1 9. Rxd1 Bxc5 10. a3 b5 11. Bd3 Bb7 12. b4 Be7 13. Bb2 0-0 14. Nc3 Rfd8 15. Rac1 Rac8 16. h3 h6 17. Ne4 Nd7 18. Bb1 1/2-1/2

[Event "CRO-chT2 East"]
[Site "Osijek"]
[Date "2010.10.16"]
[Round "7.24"]
[White "Bosnjak, Nino"]
[Black "Kitarovic, Mihajlo"]
[Result "1-0"]
[WhiteElo "2186"]
[BlackElo "1980"]
[PlyCount "99"]
[EventDate "2010.04.17"]
[EventType "team-tourn"]
[EventRounds "11"]
[EventCountry "CRO"]
[SourceTitle "EXT 2012"]
[Source "ChessBase"]
[SourceDate "2011.11.24"]
[SourceVersion "1"]
[SourceVersionDate "2011.11.24"]
[SourceQuality "1"]

1. d4 d5 2. c4 Nf6 3. Nf3 c5 4. cxd5 cxd4 5. Qxd4 Qxd5 6. Nc3 Qxd4 7. Nxd4 a6 8. Bf4 Bd7 9. e4 Nc6 10. Nxc6 Bxc6 11. f3 e6 12. Bd3 Bc5 13. Ke2 0-0 14. Rac1 Rac8 15. Rhd1 h6 16. Bc2 Rfd8 17. Rxd8+ Rxd8 18. Bd3 Bb6 19. b4 Bd7 20. e5 Nd5 21. Nxd5 exd5 22. h4 Re8 23. Kd2 Bd4 24. Rc7 Bc6 25. Bxa6 Bb6 26. Rxb7 Bxb7 27. Bxb7 Rb8 28. Bc6 Bc7 29. b5 Kf8 30. a4 f6 31. Be3 d4 32. Bxd4 fxe5 33. Bc5+ Kf7 34. Kc3 Ba5+ 35. Bb4 Bc7 36. a5 Ke6 37. a6 Bb6 38. Kc4 Rd8 39. Bc5 Rd4+ 40. Bxd4 exd4 41. f4 Kd6 42. Be4 Ke6 43. g4 Ba7 44. Kb4 Bb6 45. Bd3 Kd5 46. g5 Ba7 47. Ka5 Kc5 48. f5 Bb6+ 49. Ka4 Ba7 50. f6 1-0

[Event "Bosnjaci op 15th"]
[Site "Bosnjaci"]
[Date "2010.01.05"]
[Round "4"]
[White "Grebenar, Branko"]
[Black "Kitarovic, Mihajlo"]
[Result "0-1"]
[WhiteElo "1754"]
[BlackElo "2004"]
[PlyCount "44"]
[EventDate "2010.01.03"]
[EventType "swiss"]
[EventRounds "9"]
[EventCountry "CRO"]
[SourceTitle "CBM 134 Extra"]
[Source "ChessBase"]
[SourceDate "2010.03.03"]
[SourceVersion "1"]
[SourceVersionDate "2010.03.03"]
[SourceQuality "1"]

1. e4 c5 2. Nf3 Nc6 3. a3 Nf6 4. Nc3 d6 5. h3 g6 6. Bc4 Bg7 7. d3 0-0 8. 0-0 a6 9. Nd5 b5 10. Bb3 Na5 11. Ba2 Bb7 12. Nxf6+ Bxf6 13. c3 c4 14. Bh6 Re8 15. Re1 cxd3 16. Qxd3 Rc8 17. Ng5 Nc4 18. Bxc4 Rxc4 19. Nf3 Qc7 20. Bf4 Qc6 21. Nd2 Rc5 22. b4 Rxc3 0-1

[Event "Bosnjaci op 14th"]
[Site "Bosnjaci"]
[Date "2009.01.06"]
[Round "5"]
[White "Jelecevic, Ivo"]
[Black "Kitarovic, Mihajlo"]
[Result "1-0"]
[WhiteElo "2147"]
[BlackElo "1989"]
[PlyCount "37"]
[EventDate "2009.01.03"]
[EventType "swiss"]
[EventRounds "9"]
[EventCountry "CRO"]
[SourceTitle "CBM 128 Extra"]
[Source "ChessBase"]
[SourceDate "2009.03.05"]
[SourceVersion "2"]
[SourceVersionDate "2009.03.25"]
[SourceQuality "1"]

1. e4 d5 2. exd5 Qxd5 3. Nc3 Qa5 4. d4 Nf6 5. Bc4 Bg4 6. f3 Bh5 7. h4 h6 8. Nh3 Bg6 9. Nf4 Bh7 10. Bd2 c6 11. Qe2 Nh5 12. Nxh5 Qxh5 13. g4 Qg6 14. Ne4 h5 15. gxh5 Qxh5 16. Nd6+ Kd7 17. Bxf7 g6 18. Nxb7 Qf5 19. Be6+ 1-0

[Event "Treber Memorial 5th"]
[Site "Vinkovci"]
[Date "2008.09.09"]
[Round "7"]
[White "Kurecic, Mladen"]
[Black "Kitarovic, Mihajlo"]
[Result "1-0"]
[WhiteElo "1975"]
[BlackElo "2013"]
[PlyCount "83"]
[EventDate "2008.09.05"]
[EventType "swiss"]
[EventRounds "9"]
[EventCountry "CRO"]
[SourceTitle "CBM 126 Extra"]
[Source "ChessBase"]
[SourceDate "2008.11.05"]
[SourceVersion "1"]
[SourceVersionDate "2008.11.05"]
[SourceQuality "1"]

1. d4 d5 2. c4 Nf6 3. Nc3 e6 4. Bg5 Be7 5. Nf3 0-0 6. e3 a6 7. Rc1 Nbd7 8. cxd5 exd5 9. Bd3 c6 10. 0-0 h6 11. Bh4 Re8 12. Ne5 Nxe5 13. dxe5 Ng4 14. Bg3 Bb4 15. Bb1 Nxe5 16. Qd4 Bxc3 17. Rxc3 Qe7 18. f4 Nd7 19. Qd3 Nf8 20. f5 f6 21. Bf4 Nd7 22. Qd4 a5 23. Rf3 Qb4 24. Qd2 Ne5 25. Rg3 Kf8 26. Qe2 Qe7 27. Qh5 Qf7 28. Qh4 Re7 29. Rxg7 Qxg7 30. Bxh6 Kg8 31. Bxg7 Kxg7 32. e4 Nf7 33. Qh5 Kf8 34. Qg6 dxe4 35. Qxf6 e3 36. Kf1 Ra6 37. Bd3 Rb6 38. b3 Rb4 39. Bc4 Ke8 40. Bxf7+ Rxf7 41. Rxe3+ Kf8 42. Qh8# 1-0

[Event "Treber Memorial 4th"]
[Site "Vinkovci"]
[Date "2007.03.02"]
[Round "1.2"]
[White "Kitarovic, Mihajlo"]
[Black "Drazic, Sinisa"]
[Result "0-1"]
[WhiteElo "2000"]
[BlackElo "2483"]
[PlyCount "57"]
[EventDate "2007.03.02"]
[EventType "swiss"]
[EventRounds "7"]
[EventCountry "CRO"]
[SourceTitle "CBM 117 Extra"]
[Source "ChessBase"]
[SourceDate "2007.05.09"]
[SourceVersion "1"]
[SourceVersionDate "2007.05.09"]
[SourceQuality "1"]

1. d4 Nf6 2. c4 e6 3. Nc3 Bb4 4. Bd2 0-0 5. Nf3 c5 6. e3 b6 7. Be2 Bb7 8. 0-0 cxd4 9. Nxd4 Nc6 10. Bf3 Qc8 11. Ne4 Be7 12. Rc1 Nxd4 13. Nxf6+ Bxf6 14. Bxb7 Qxb7 15. Bb4 Nf5 16. Bxf8 Rxf8 17. b3 g6 18. Qd3 h5 19. Rfd1 d6 20. h3 Kg7 21. Rc2 g5 22. Rcd2 Be5 23. Qe2 Rh8 24. e4 Ne7 25. Rxd6 Bxd6 26. Rxd6 Ng6 27. Qe3 e5 28. Rd5 Qc7 29. Qd2 0-1

[Event "Zupanja op-B 13th"]
[Site "Zupanja"]
[Date "2007.01.03"]
[Round "1"]
[White "Kitarovic, Mihajlo"]
[Black "Mihalj, M Miroslav"]
[Result "0-1"]
[WhiteElo "2000"]
[BlackElo "2298"]
[PlyCount "98"]
[EventDate "2007.01.03"]
[EventType "swiss"]
[EventRounds "9"]
[EventCountry "CRO"]
[SourceTitle "CBM 116 Extra"]
[Source "ChessBase"]
[SourceDate "2007.03.07"]
[SourceVersion "1"]
[SourceVersionDate "2007.03.07"]
[SourceQuality "1"]

1. d4 Nf6 2. c4 g6 3. Nc3 d5 4. Nf3 Bg7 5. Bg5 Ne4 6. e3 Nxg5 7. Nxg5 e5 8. Nf3 exd4 9. exd4 dxc4 10. Bxc4 0-0 11. 0-0 Nc6 12. d5 Ne5 13. Nxe5 Bxe5 14. Qb3 Qd6 15. h3 Bd7 16. Rad1 Qb6 17. Rfe1 Qxb3 18. Bxb3 Rfe8 19. Re2 Kf8 20. Ba4 Bxc3 21. Rxe8+ Bxe8 22. Bxe8 Rxe8 23. bxc3 Re2 24. a4 Rc2 25. Rd3 Ke7 26. Kf1 Kd6 27. f4 h5 28. g4 hxg4 29. hxg4 Ra2 30. Rd4 Kc5 31. f5 gxf5 32. gxf5 a5 33. f6 Ra3 34. Ke2 Rxc3 35. Re4 Kxd5 36. Re7 b6 37. Kd2 Rc6 38. Rxf7 Kc4 39. Rf8 Kb4 40. Kd3 Kxa4 41. Kd4 b5 42. Kd5 Rc1 43. Ke5 b4 44. Rh8 Re1+ 45. Kd5 Rf1 46. Ke5 b3 47. Rh4+ Ka3 48. Rf4 Rxf4 49. Kxf4 b2 0-1